| 000 | 01155nam a22003617a 4500 | ||
|---|---|---|---|
| 003 | CHAP | ||
| 005 | 20220329143727.0 | ||
| 008 | 110420s1982 cn r 00010 eng d | ||
| 010 | _a100996 | ||
| 011 | _a101968 | ||
| 020 | _a0941942066 | ||
| 035 | _a112656 | ||
| 040 | _cCHAP | ||
| 082 | 0 | 4 |
_a615.32 _bH859 |
| 100 | 1 |
_aHsu, Hong Yen _956556 |
|
| 245 | 1 | 0 |
_aFor women only : _c/por chinese herbal formulas |
| 260 |
_aTaiwan : _bOriental Healing Arts Institute, _c1982 |
||
| 300 | _a101 p. | ||
| 490 | _aEducational series on Chinese medicine | ||
| 590 |
_aBATCH-UPD _b10 _c20130110 _lUCH01 _h1138 |
||
| 590 |
_aBATCH-UPD _b10 _c20130410 _lUCH01 _h0724 |
||
| 590 |
_aBATCH-UPD _b10 _c20130914 _lUCH01 _h0744 |
||
| 590 |
_aCONVERSION _b10 _c20130109 _lUCH01 _h1356 |
||
| 650 | 1 | 4 |
_aBotánica médica. _914680 |
| 650 | 1 | 4 |
_aMateria médica. _972929 |
| 650 | 1 | 4 |
_aMedicina china. _973916 |
| 650 | 1 | 4 |
_aTerapéutica fisiológica. _9112346 |
| 700 | 1 |
_aEaser, Douglas H. _934994 |
|
| 830 | 0 |
_aEducational series on Chinese medicine _935700 |
|
| 901 | _aBK | ||
| 942 | _cLIBRO | ||
| 949 |
_a615.32 H859 _bBC _cLIBRO _d33724002256884 _eLIBRO _h114729 _i112656 _sb |
||
| 999 |
_c100996 _d100996 |
||